00273pab a2200109 454500008003600000100001700036245003400053362002100087650001600108650001700124773002200141180718b xxu||||| |||| 00| 0 eng d aVashist P.D. aOrganisations and empowerment a27 Jul 1994, p.6 a Management aOrganisation aFinancial Express